000
00319nam a2200145Ia 4500
100
_a
Bradley/ J.C./ Millspaugh/ A.C.
942
_c
BK
654
_a
Computer
245
_a
Prog in V.B. 6.0
260
_b
Tata Mc Graw hill
_c
1999
082
_a
005.133'UB'
_b
BRA
300
_a
684
546
_a
ENGLISH
999
_c
23410
_d
23410